[Event "SRB-chT2 West"]
[Site "Serbia"]
[Date "2009.10.09"]
[Round "8.3"]
[White "Palosevic, Abidin"]
[Black "Drcelic, Sreten"]
[Result "0-1"]
[WhiteElo "2203"]
[BlackElo "2223"]
[PlyCount "80"]
[EventDate "2009.09.06"]
[EventType "team"]
[EventRounds "11"]
[EventCountry "SRB"]
[SourceTitle "EXT 2012"]
[Source "ChessBase"]
[SourceDate "2011.11.24"]
[SourceVersion "1"]
[SourceVersionDate "2011.11.24"]
[SourceQuality "1"]

1. d4 d6 2. Nf3 c6 3. c4 Nd7 4. Nc3 e5 5. e4 Ngf6 6. Be2 Be7 7. 0-0 0-0 8. Qc2 Qc7 9. h3 Re8 10. Be3 g6 11. Rad1 Bf8 12. b3 Bg7 13. Rfe1 b6 14. b4 Bb7 15. c5 bxc5 16. bxc5 dxc5 17. dxe5 Nxe5 18. Bxc5 Qa5 19. Bd4 Nxf3+ 20. Bxf3 c5 21. Be3 Ng4 22. Bd2 Ne5 23. Be2 Nc6 24. Nb5 Qb6 25. Bc4 Nd4 26. Nxd4 Bxd4 27. Rb1 Qc7 28. Rxb7 Qxb7 29. Bd5 Qc8 30. Bxa8 Qxa8 31. Kf1 Qc6 32. Qd3 Qe6 33. a4 Rb8 34. Rb1 Rxb1+ 35. Qxb1 Qc4+ 36. Kg1 Qxa4 37. Qb8+ Kg7 38. Qf4 Qa1+ 39. Bc1 Bb2 40. Qh6+ Kg8 0-1

[Event "SRB-chT2 West"]
[Site "Serbia"]
[Date "2006.10.27"]
[Round "9.5"]
[White "Grubisic, Ilija"]
[Black "Palosevic, Abidin"]
[Result "0-1"]
[WhiteElo "2236"]
[BlackElo "2228"]
[PlyCount "66"]
[EventDate "2006.09.09"]
[EventType "team"]
[EventRounds "11"]
[EventCountry "SRB"]
[SourceTitle "EXT 2012"]
[Source "ChessBase"]
[SourceDate "2011.11.24"]
[SourceVersion "1"]
[SourceVersionDate "2011.11.24"]
[SourceQuality "1"]

1. e4 c5 2. Nc3 Nc6 3. f4 g6 4. Nf3 Bg7 5. Bc4 e6 6. 0-0 d6 7. f5 exf5 8. d3 Ne5 9. Nxe5 Bxe5 10. Qe1 Nf6 11. exf5 Bxf5 12. Bf4 Qe7 13. Bxe5 dxe5 14. Qg3 0-0-0 15. Rae1 Rhe8 16. a4 a6 17. a5 Qd7 18. Kh1 Qc7 19. Qf3 Rd4 20. Bxa6 Rf4 21. Bxb7+ Qxb7 22. Qe3 Rxf1+ 23. Rxf1 Qc6 24. a6 Nd5 25. Nxd5 Qxd5 26. a7 Kb7 27. Ra1 Ka8 28. c4 Qd4 29. Qf3+ e4 30. dxe4 Qxe4 31. Qg3 Qe3 32. Qxe3 Rxe3 33. Kg1 Re2 0-1

[Event "SRB-chT2 West"]
[Site "Serbia"]
[Date "2006.10.27"]
[Round "8.5"]
[White "Palosevic, Abidin"]
[Black "Djordjevic, Gradimir"]
[Result "1/2-1/2"]
[WhiteElo "2228"]
[BlackElo "2290"]
[PlyCount "103"]
[EventDate "2006.09.09"]
[EventType "team"]
[EventRounds "11"]
[EventCountry "SRB"]
[SourceTitle "EXT 2012"]
[Source "ChessBase"]
[SourceDate "2011.11.24"]
[SourceVersion "1"]
[SourceVersionDate "2011.11.24"]
[SourceQuality "1"]

1. Nf3 Nf6 2. d4 d5 3. c4 e6 4. Nc3 Nbd7 5. Bg5 Be7 6. e3 c6 7. cxd5 exd5 8. Bd3 0-0 9. Qc2 Re8 10. 0-0-0 Nf8 11. h3 Be6 12. Kb1 Rc8 13. g4 a6 14. Rhg1 c5 15. dxc5 Bxc5 16. Nd4 b5 17. Qb3 Be7 18. f4 b4 19. Nce2 a5 20. Bb5 Bd7 21. Bxf6 Bxf6 22. g5 Bxd4 23. Nxd4 Bxb5 24. Nxb5 Rc5 25. Nd4 Qe7 26. Rge1 Qe4+ 27. Qd3 Qxd3+ 28. Rxd3 Ng6 29. Rc1 Rxc1+ 30. Kxc1 Ne7 31. Rd2 Nc8 32. Nc6 Nb6 33. Ne5 f6 34. gxf6 gxf6 35. Ng4 Kf7 36. Rg2 Nc4 37. Rg3 a4 38. b3 axb3 39. axb3 Na5 40. Kb2 Rc8 41. Nh6+ Ke6 42. f5+ Kd6 43. Rg4 Rc3 44. Rxb4 Rxe3 45. Rb6+ Nc6 46. Rb7 Rxh3 47. Rxh7 Kc5 48. Rh8 Rh2+ 49. Kc1 d4 50. Nf7 Rxh8 51. Nxh8 Ne5 52. Ng6 1/2-1/2

[Event "SRB-chT2 West"]
[Site "Serbia"]
[Date "2006.10.07"]
[Round "5.3"]
[White "Stojanovic, Marko"]
[Black "Palosevic, Abidin"]
[Result "0-1"]
[WhiteElo "2263"]
[BlackElo "2228"]
[PlyCount "120"]
[EventDate "2006.09.09"]
[EventType "team"]
[EventRounds "11"]
[EventCountry "SRB"]
[SourceTitle "EXT 2012"]
[Source "ChessBase"]
[SourceDate "2011.11.24"]
[SourceVersion "1"]
[SourceVersionDate "2011.11.24"]
[SourceQuality "1"]

1. e4 c5 2. Nf3 Nc6 3. Nc3 e6 4. Bc4 Nf6 5. 0-0 d6 6. d4 cxd4 7. Nxd4 Be7 8. Be3 0-0 9. h3 Qc7 10. Qe2 Bd7 11. Ndb5 Qb8 12. a4 a6 13. Na3 Qc7 14. Rfd1 Rac8 15. Bb3 Na5 16. Bd4 Nxb3 17. cxb3 e5 18. Be3 Be6 19. Nd5 Bxd5 20. exd5 Nd7 21. b4 f5 22. f3 Qd8 23. Rac1 Rxc1 24. Rxc1 Bh4 25. a5 f4 26. Bd2 Bf6 27. Nc4 Qb8 28. Bxf4 b5 29. axb6 Nxb6 30. Nxb6 Qxb6+ 31. Be3 Qxb4 32. Rc6 e4 33. f4 Bd4 34. Qf2 Be5 35. Qg3 Bxb2 36. Rxa6 Bd4 37. Kh2 Bc5 38. Rc6 Bxe3 39. Qxe3 Rb8 40. Rc7 Re8 41. Qg3 Qd4 42. Qg4 Qf6 43. Qg3 Qd4 44. Qg4 Qf6 45. Rc8 Qe7 46. Rxe8+ Qxe8 47. Kg1 e3 48. Kf1 Qb5+ 49. Qe2 Qb1+ 50. Qe1 Qd3+ 51. Qe2 Qe4 52. Qg4 Qxd5 53. Qc8+ Kf7 54. Qd7+ Kf6 55. Qd8+ Kf5 56. Qc8+ Ke4 57. Qc1 Qd4 58. Qc6+ d5 59. Qe6+ Kd3 60. Qf5+ Kd2 0-1

[Event "SRB-chT 1st League"]
[Site "Serbia"]
[Date "2005.09.28"]
[Round "6.1"]
[White "Palosevic, Abidin"]
[Black "Stankovic, Dragan"]
[Result "1-0"]
[WhiteElo "2217"]
[BlackElo "2332"]
[PlyCount "83"]
[EventDate "2005.09.25"]
[EventType "team"]
[EventRounds "11"]
[EventCountry "SRB"]
[SourceTitle "EXT 2012"]
[Source "ChessBase"]
[SourceDate "2011.11.24"]
[SourceVersion "1"]
[SourceVersionDate "2011.11.24"]
[SourceQuality "1"]
[WhiteTeam "Ribnica"]
[BlackTeam "Smederevska Palanka Jasenica"]
[WhiteTeamCountry "SRB"]
[BlackTeamCountry "SRB"]

1. d4 Nf6 2. Nf3 g6 3. c4 Bg7 4. Nc3 d5 5. cxd5 Nxd5 6. g3 0-0 7. Bg2 c5 8. Qb3 Nxc3 9. bxc3 Nc6 10. e3 Na5 11. Qd1 Be6 12. 0-0 Bd5 13. Re1 Be4 14. Qe2 Rc8 15. Bh3 Rc7 16. Nd2 Bc6 17. Ba3 cxd4 18. cxd4 Qd5 19. f3 Rd8 20. Ne4 Nc4 21. Bc1 e5 22. Bf1 b5 23. Nc3 Qd6 24. d5 e4 25. Nxe4 Qxd5 26. Rb1 a6 27. Qc2 f5 28. Bxc4 bxc4 29. Bb2 Bxb2 30. Red1 fxe4 31. Rxd5 Bxd5 32. fxe4 Be6 33. Qxb2 Bf7 34. Qf6 Rdc8 35. Rd1 Rf8 36. e5 c3 37. e6 c2 38. Rc1 Be8 39. Qb2 Ba4 40. Qe5 Rcc8 41. e7 Rfe8 42. Qd5+ 1-0

[Event "SRB-chT 1st League"]
[Site "Serbia"]
[Date "2005.09.26"]
[Round "3.5"]
[White "Palosevic, Abidin"]
[Black "Simic, Dragisa"]
[Result "0-1"]
[WhiteElo "2217"]
[BlackElo "2314"]
[PlyCount "49"]
[EventDate "2005.09.25"]
[EventType "team"]
[EventRounds "11"]
[EventCountry "SRB"]
[SourceTitle "EXT 2012"]
[Source "ChessBase"]
[SourceDate "2011.11.24"]
[SourceVersion "1"]
[SourceVersionDate "2011.11.24"]
[SourceQuality "1"]
[WhiteTeam "Ribnica"]
[BlackTeam "Telekom"]
[WhiteTeamCountry "SRB"]
[BlackTeamCountry "SRB"]

1. d4 Nf6 2. Nf3 g6 3. c4 Bg7 4. Nc3 0-0 5. e4 d6 6. Be2 e5 7. 0-0 exd4 8. Nxd4 Re8 9. f3 Nc6 10. Be3 Nh5 11. Nxc6 bxc6 12. g4 Nf6 13. Qd2 h5 14. h3 Nh7 15. Kg2 f5 16. exf5 gxf5 17. Bd4 Qh4 18. Bxg7 Kxg7 19. Qd4+ Nf6 20. Rh1 c5 21. Qd2 Bb7 22. Rag1 Re5 23. Kf1 hxg4 24. Rh2 Nh5 25. hxg4 0-1